[Event "Vladimir Luch Cup"]
[Site "Vladimir"]
[Date "2009.04.01"]
[Round "11"]
[White "Kalinin, Dmitry"]
[Black "Smirnova, Ekaterina"]
[Result "1-0"]
[WhiteElo "2119"]
[BlackElo "1778"]
[PlyCount "67"]
[EventDate "2009.03.22"]
[EventType "tourn"]
[EventRounds "11"]
[EventCountry "RUS"]
[SourceTitle "EXT 2012"]
[Source "ChessBase"]
[SourceDate "2011.11.24"]
[SourceVersion "1"]
[SourceVersionDate "2011.11.24"]
[SourceQuality "1"]

1. d4 Nf6 2. Nf3 d5 3. c4 e6 4. Nc3 c5 5. cxd5 exd5 6. g3 Be7 7. Bg2 0-0 8. 0-0 Nc6 9. Bg5 Ne4 10. Bxe7 Nxe7 11. dxc5 Nxc3 12. bxc3 Be6 13. Nd4 Rc8 14. Rb1 Qc7 15. Qd3 Rfd8 16. Nxe6 fxe6 17. Bh3 Qd7 18. Qb5 Kf7 19. Qxb7 Rxc5 20. Qa6 Rdc8 21. Rb7 R8c7 22. Rfb1 Rxc3 23. Qxa7 Nf5 24. Bxf5 exf5 25. Rxc7 Rxc7 26. Qd4 Rc2 27. Rb2 Rxb2 28. Qxb2 d4 29. Qb3+ Kg6 30. a4 Qe8 31. Qb5 Qe4 32. a5 f4 33. Qd3 Qxd3 34. exd3 1-0

[Event "Vladimir President Cup"]
[Site "Vladimir"]
[Date "2007.05.21"]
[Round "7"]
[White "Kalinin, Dmitry"]
[Black "Sahnenko, Vladimir"]
[Result "1/2-1/2"]
[WhiteElo "2119"]
[BlackElo "2079"]
[PlyCount "146"]
[EventDate "2007.05.15"]
[EventType "tourn"]
[EventRounds "9"]
[EventCountry "RUS"]
[SourceTitle "EXT 2022"]
[Source "ChessBase"]
[SourceDate "2021.10.06"]
[SourceVersion "1"]
[SourceVersionDate "2021.10.06"]
[SourceQuality "1"]

1. d4 d5 2. Nf3 Nf6 3. e3 Bg4 4. c4 e6 5. Qb3 Qc8 6. Ne5 Bf5 7. cxd5 exd5 8. Nc3 c6 9. Bd2 Nbd7 10. Rc1 Bd6 11. f4 0-0 12. Be2 h5 13. Bf3 Qb8 14. 0-0 Nb6 15. Qd1 g6 16. h3 Kg7 17. Be1 Rh8 18. Bh4 Nbd7 19. a3 Qe8 20. b4 Qe6 21. Na4 Ne4 22. Nc5 Ndxc5 23. bxc5 Bc7 24. a4 f6 25. Nd3 Raf8 26. Be1 h4 27. Rb1 Ng3 28. Rxb7 Rf7 29. Bxg3 hxg3 30. Re1 Ba5 31. Rxf7+ Kxf7 32. Re2 Rb8 33. Kf1 Qc8 34. e4 dxe4 35. Bxe4 Bc3 36. Qc2 Bxe4 37. Rxe4 Qf5 38. Re3 Bxd4 39. Qc4+ Qd5 40. Qxd5+ cxd5 41. Rxg3 Rb1+ 42. Ke2 Ra1 43. c6 Rxa4 44. Rf3 Rc4 45. f5 g5 46. g3 Rc2+ 47. Kd1 Rxc6 48. Nb4 Rd6 49. Rd3 Be5 50. g4 d4 51. Ra3 a6 52. Rxa6 Rxa6 53. Nxa6 Bd6 54. Kc2 Ke7 55. Kd3 Kd7 56. Kxd4 Kc6 57. Kc4 Be7 58. Nb4+ Kd6 59. Nd5 Bd8 60. Kd4 Kc6 61. Ke4 Kc5 62. Ne3 Bc7 63. Kf3 Kd4 64. Ng2 Ba5 65. h4 gxh4 66. Nxh4 Bd2 67. Ng6 Bg5 68. Nf4 Ke5 69. Ng6+ Kd4 70. Nf4 Bh6 71. Ng6 Kd3 72. Nf4+ Kd2 73. Ng6 Kd3 1/2-1/2

[Event "Vladimir President Cup"]
[Site "Vladimir"]
[Date "2007.05.15"]
[Round "1"]
[White "Kalinin, Dmitry"]
[Black "Mishin, Alexei"]
[Result "1/2-1/2"]
[WhiteElo "2119"]
[BlackElo "2298"]
[PlyCount "91"]
[EventDate "2007.05.15"]
[EventType "tourn"]
[EventRounds "9"]
[EventCountry "RUS"]
[SourceTitle "EXT 2022"]
[Source "ChessBase"]
[SourceDate "2021.10.06"]
[SourceVersion "1"]
[SourceVersionDate "2021.10.06"]
[SourceQuality "1"]

1. d4 d5 2. c4 e6 3. Nc3 c5 4. cxd5 cxd4 5. Qa4+ Bd7 6. Qxd4 exd5 7. Nf3 Nc6 8. Qd1 Nf6 9. e3 Be6 10. Bb5 Bd6 11. Nd4 0-0 12. Nxe6 fxe6 13. 0-0 Qc7 14. h3 Bh2+ 15. Kh1 Be5 16. Bd2 Bxc3 17. Bxc3 Ne4 18. Be1 Qb6 19. Qe2 Ne5 20. f3 Nd6 21. Bg3 Nec4 22. Bxc4 Nxc4 23. e4 Rf7 24. b3 Na5 25. exd5 exd5 26. Rad1 Rd8 27. Bh4 Rd6 28. Qe8+ Rf8 29. Qe5 Qc6 30. Be7 Re6 31. Qxd5 Qxd5 32. Rxd5 Rxe7 33. Rxa5 b6 34. Ra6 Rc8 35. Rf2 h5 36. h4 Rd7 37. Kh2 Kf7 38. Re2 Kf6 39. Kg3 Kf5 40. b4 Rc4 41. b5 Rb4 42. a4 g6 43. Re8 Rb2 44. Re1 Rdd2 45. Rg1 Rd7 46. Re1 1/2-1/2

[Event "Vladimir op-B"]
[Site "Vladimir"]
[Date "2004.09.??"]
[Round "?"]
[White "Kalinin, Dmitry"]
[Black "Malin, Denis Sergeevich"]
[Result "1/2-1/2"]
[WhiteElo "2129"]
[BlackElo "2098"]
[PlyCount "105"]
[EventDate "2004.09.??"]
[EventType "swiss"]
[EventRounds "9"]
[EventCountry "RUS"]
[SourceTitle "CBM 102 Extra"]
[Source "ChessBase"]
[SourceDate "2004.11.03"]
[SourceVersion "1"]
[SourceVersionDate "2004.11.03"]
[SourceQuality "1"]

1. d4 Nf6 2. c4 g6 3. Nc3 Bg7 4. e4 0-0 5. Be2 c5 6. d5 d6 7. h3 b5 8. cxb5 a6 9. a4 axb5 10. Bxb5 Ba6 11. Qc2 Bxb5 12. Nxb5 Na6 13. Bd2 Qb6 14. Ra3 Rfc8 15. Ne2 Nb4 16. Qb1 Nd7 17. 0-0 Ne5 18. Bc3 Nc4 19. Ra1 Bxc3 20. bxc3 Na6 21. Qc1 Nc7 22. Nxc7 Rxc7 23. Rb1 Qa5 24. Qh6 Qxa4 25. Ng3 Qe8 26. Rb3 Qf8 27. Qg5 h6 28. Qf4 Rca7 29. h4 Qg7 30. Rfb1 Kh7 31. h5 Ne5 32. Rb7 gxh5 33. Nf5 Rxb7 34. Rxb7 Ra1+ 35. Kh2 Ng4+ 36. Kg3 Qxc3+ 37. Ne3 Nxe3 38. fxe3 h4+ 39. Kh2 Qf6 40. Qxf6 exf6 41. Rxf7+ Kg6 42. Rd7 Re1 43. Rxd6 Rxe3 44. Rc6 Rxe4 45. Rxc5 Rd4 46. Kh3 f5 47. Rc8 Kh5 48. Rd8 Rd1 49. Kh2 f4 50. d6 h3 51. d7 hxg2 52. Kxg2 Rd3 53. Rf8 1/2-1/2